Medio ambiente : (Registro nro. 58929)
[ vista simple ]
| 000 -CABECERA | |
|---|---|
| Longitud fija campo de control | 01945nam a2200457Ic 4500 |
| 003 - • IDENTIFICADOR DELl NÚMERO DE CONTROL | |
| Identificador del número de control | CO-BoRNBP |
| 005 - • FECHA Y HORA DE LA ÚLTIMA TRANSACCIÓN | |
| Fecha y hora de la última transacción | 20250829201153.0 |
| 007 - • CAMPO FIJO DE DESCRIPCIÓN FÍSICA | |
| Campo fijo de descripción física | ta |
| 008 - • CÓDIGOS DE INFORMACIÓN DE LONGITUD FIJA | |
| Códigos de información de longitud fija | 210824s2013 ck d er 000 0dspa d |
| 020 ## - • NÚMERO INTERNACIONAL NORMALIZADO PARA LIBROS | |
| Número Internacional Normalizado para Libros (ISBN) | 9789589136706 |
| 040 ## - FUENTE DE LA CATALOGACIÓN | |
| Centro catalogador de origen | CO-BoRNBP |
| Lengua de catalogación | spa |
| Normas de descripción | rda |
| Centro transcriptor | CO-BoRNBP |
| 041 0# - • CÓDIGO DE LENGUA | |
| Código de lengua del texto/banda sonora o título independiente | spa |
| 082 0# - • NÚMERO DE LA CLASIFICACIÓN DECIMAL DEWEY | |
| Número de clasificación (R) | 333.72 |
| Número del ítem | C65m |
| Número de edición | 22 |
| 111 2# - • PUNTO DE ACCESO PRINCIPAL-NOMBRE DE CONGRESO | |
| Nombre de congreso o jurisdicción como elemento de entrada | Conferencia de las Naciones Unidas sobre el Desarrollo Sostenible. Cumbre de la Tierra Río +20 |
| Fecha del congreso | (2012 |
| Sede del congreso | Río de Janeiro) |
| 111 2# - • PUNTO DE ACCESO PRINCIPAL-NOMBRE DE CONGRESO | |
| Nombre de congreso o jurisdicción como elemento de entrada | Conferencia de las Naciones Unidas sobre el Desarrollo Sostenible. Cumbre de la Tierra Río +20 |
| Fecha del congreso | (2012 |
| Sede del congreso | Río de Janeiro) |
| 245 10 - • TITULO PROPIAMENTE DICHO | |
| Título | Medio ambiente : |
| Resto del título | deterioro o solución / |
| Mención de responsabilidad, etc. | Cumbre de la Tierra Rio+20 ; Margarita Flórez... [y otros ocho]. |
| 250 ## - • MENCIÓN DE EDICIÓN | |
| Mención de edición | Primera edición |
| 264 #1 - PRODUCCIÓN, PUBLICACIÓN , DISTRIBUCIÓN, FABRICACIÓN Y COPYRIGHT | |
| Lugar de producción, publicación, distribución, fabricación | Bogotá, Colombia : |
| Nombre del productor, editor, distribuidor, fabricante | Ediciones Aurora, |
| Fecha de de producción, publicación, distribución, fabricación o copyright | 2013 |
| 300 ## - • DESCRIPCIÓN FÍSICA | |
| Extensión | 174 páginas : |
| Otras características físicas | ilustraciones, gráficos |
| 336 ## - TIPO DE CONTENIDO | |
| Término de tipo de contenido | texto |
| Código de tipo de contenido | txt |
| Fuente | rdacontent |
| 337 ## - TIPO DE MEDIO | |
| Nombre del tipo de medio | sin mediación |
| Código del tipo de medio | n |
| Fuente | rdamedia |
| 338 ## - TIPO DE SOPORTE | |
| Nombre del tipo de soporte | volumen |
| Código del tipo de soporte | nc |
| Fuente | rdacarrier |
| 504 ## - • NOTA DE BIBLIOGRAFÍA, ETC | |
| Nota de bibliografía, etc. | Incluye referencias bibliográficas |
| 521 ## - • NOTA DE PÚBLICO DESTINATARIO | |
| Nota público destinatario (R ) | Recomendado para un público adulto |
| 545 ## - DATOS BIOGRÁFICOS O HISTÓRICOS | |
| Datos bigr´ficos o históricos | Incluye datos biográficos de los autores en la solapa |
| 650 07 - • PUNTO DE ACCESO ADICIONAL DE MATERIA - TÉRMINO DE MATERIA | |
| Término de materia o nombre geográfico como elemento inicial | Medio Ambiente |
| Subdivisión de forma | Congresos, conferencias, etc. |
| Fuente del encabezamiento o término | LEMB |
| 650 07 - • PUNTO DE ACCESO ADICIONAL DE MATERIA - TÉRMINO DE MATERIA | |
| Término de materia o nombre geográfico como elemento inicial | Política ambiental |
| Subdivisión de forma | Congresos, conferencias, etc. |
| Fuente del encabezamiento o término | lemb |
| 650 07 - • PUNTO DE ACCESO ADICIONAL DE MATERIA - TÉRMINO DE MATERIA | |
| Término de materia o nombre geográfico como elemento inicial | Recursos naturales |
| Subdivisión de materia general | Conservación |
| Subdivisión de forma | Diccionarios, enciclopedias, etc. |
| Fuente del encabezamiento o término | lemb |
| 700 ## - • PUNTO DE ACCESO ADICIONAL - NOMBRE DE PERSONA | |
| Nombre de persona | Arisi, Barbara |
| Término indicativo de función | aut |
| 700 ## - • PUNTO DE ACCESO ADICIONAL - NOMBRE DE PERSONA | |
| Nombre de persona | Caliari, Aldo |
| Término indicativo de función | aut |
| 700 ## - • PUNTO DE ACCESO ADICIONAL - NOMBRE DE PERSONA | |
| Nombre de persona | Flores, Teresa |
| Término indicativo de función | aut |
| 700 ## - • PUNTO DE ACCESO ADICIONAL - NOMBRE DE PERSONA | |
| Nombre de persona | Flórez, Margarita |
| Término indicativo de función | aut |
| 700 ## - • PUNTO DE ACCESO ADICIONAL - NOMBRE DE PERSONA | |
| Nombre de persona | Furtado, Fabrina |
| Término indicativo de función | aut |
| 700 ## - • PUNTO DE ACCESO ADICIONAL - NOMBRE DE PERSONA | |
| Nombre de persona | Lampis, Andrea |
| Término indicativo de función | aut |
| 700 ## - • PUNTO DE ACCESO ADICIONAL - NOMBRE DE PERSONA | |
| Nombre de persona | Maya, Ana Lucía |
| Término indicativo de función | aut |
| 700 ## - • PUNTO DE ACCESO ADICIONAL - NOMBRE DE PERSONA | |
| Nombre de persona | Méndez, Olga Lucía |
| Término indicativo de función | aut |
| 700 ## - • PUNTO DE ACCESO ADICIONAL - NOMBRE DE PERSONA | |
| Nombre de persona | Valencia, María |
| Término indicativo de función | aut |
| 711 2# - • PUNTO DE ACCESO ADICIONAL - NOMBRE DE CONGRESO | |
| Nombre de congreso o nombre de jurisdicción como elemento inicial | Cumbre de la Tierra Río+20 |
| Sede del congreso | Río de Janeiro, Brasil |
| Fecha del congreso | 2012 |
| 942 ## - ENTRADA DE ELEMENTOS AGREGADOS (KOHA) | |
| Fuente de clasificaión o esquema | Dewey Decimal Classification |
| Koha [por defecto] tipo de item | LIbro |
| Perdido | Fuente de clasificación o esquema | Estado Físico | No para préstamo | Forma de adquisición | Localización permanente | Localización actual | Localización en estanterías | Fecha adquisición | Préstamos totales | Signatura completa | Código de barras | Fecha última consulta | Número de copia | Fecha del precio de reemplazo | Tipo de item de Koha |
|---|---|---|---|---|---|---|---|---|---|---|---|---|---|---|---|
| Dewey Decimal Classification | Colección General | Biblioteca Pública Mapiripan - Jorge Eliecer Gaitán | Biblioteca Pública Mapiripan - Jorge Eliecer Gaitán | General | 08/29/2025 | 333.72 C65m | MPJG00667 | 08/29/2025 | Ej.1 | 08/29/2025 | LIbro |